| 000 | 00694nam a2200205Ia 4500 | ||
|---|---|---|---|
| 003 | GCL | ||
| 008 | 140319s9999 xx 000 0 ara d | ||
| 040 |
_aGCL / _cGCL |
||
| 082 | 0 | 4 |
_a920.71 _bج م |
| 100 | 1 | _aالهيثم الايوبى | |
| 245 | 1 | 0 |
_aمذكرات جيفارا عن الثورة الكوبية (هديه من الآديب عبدالفتاح الجمل) / _cالهيثم الايوبى |
| 700 | 1 | _aتشى غيفارا | |
| 700 | 1 | _aمحمد جمال وثوره (تعريب وترجمة) | |
| 300 | _a215 | ||
| 490 |
_a100 قصة _v0 |
||
| 650 | 0 | 4 | _aالمذكرات |
| 650 | 0 | 4 | _aالتراجم الذاتية |
| 650 | 0 | 4 | _aكوبا - الثورات |
| 942 |
_2ddc _cBK |
||
| 999 |
_c43672 _d43672 |
||